| 000 | 00407nam a2200157Ia 4500 | ||
|---|---|---|---|
| 003 | LK-CoDNM | ||
| 008 | 010623t1989 xxu||||| |||| 00| 1 eng d | ||
| 040 |
_aLK-CoDNM _dLK-CoDNM _eLK-CoDNM |
||
| 041 | _aeng | ||
| 080 |
_a392.5 _bIQB |
||
| 100 | _aIqbal,U.Muhammad | ||
| 245 | _aIslamic Concept of Marriage | ||
| 260 |
_bAll Ceylon Jemmiyyathul Ulema _aColombo _c1989 |
||
| 300 | _b32p, 18 cm | ||
| 942 | _cBK | ||
| 999 |
_c114236 _d114236 |
||